书目信息 |
| 题名: |
肝炎105问
|
|
| 作者: | 罗蕴蘅 , 张道鲁 编著 | |
| 分册: | ||
| 出版信息: | 北京 人民卫生出版社 1983 |
|
| 页数: | 138页 | |
| 开本: | 19cm | |
| 丛书名: | 疾病答疑丛书 | |
| 单 册: | ||
| 中图分类: | R575.1-44 , R512.6 | |
| 科图分类: | ||
| 主题词: | 肝炎--问答 , 传染病 | |
| 电子资源: | ||
| ISBN: | ||
| 000 | 00776nam2 2200301 45 | |
| 001 | 0183000859 | |
| 005 | 20040524102253.9 | |
| 010 | @dCNY0.39 | |
| 091 | @a14048.4503 | |
| 100 | @a19950623d1983 em y0chiy0121 ea | |
| 101 | 0 | @achi |
| 102 | @aCN@b110000 | |
| 105 | @ay z 000yy | |
| 106 | @ar | |
| 200 | 10 | @a肝炎105问@Agan yan105 wen@f罗蕴蘅,张道鲁编著 |
| 210 | @a北京@c人民卫生出版社@d1983 | |
| 215 | @a138页@d19cm | |
| 225 | 2 | @a疾病答疑丛书 |
| 410 | 0 | @120010@a疾病答疑丛书 |
| 606 | @a肝炎@x问答 | |
| 606 | 0 | @a传染病 |
| 690 | @aR575.1-44@v3 | |
| 690 | @aR512.6 | |
| 701 | 0 | @a罗蕴蘅@Aluo yun heng@4编著 |
| 701 | 0 | @a张道鲁@Azhang dao lu@4编著 |
| 801 | 0 | @aCN@b上海图书馆@c20040524 |
| 801 | 2 | @aCN@bNLC@c20040524 |
| 905 | @f1@b147134@dR512.6@e30 | |
| 肝炎105问/罗蕴蘅,张道鲁编著.-北京:人民卫生出版社,1983 |
| 138页;19cm.-(疾病答疑丛书) |
| ISBN :CNY0.39 |
| ● |
| 相关链接 |
|
|
|
|
正题名:肝炎105问
索取号:R512.6/30
 
预约/预借
| 序号 | 登录号 | 条形码 | 馆藏地/架位号 | 状态 | 备注 |
| 1 | 0147134 | 000714276 | 第三借阅区/ [索取号:R512.6/30] | 在馆 | |
| 2 | 0147135 | 000714285 | 第三借阅区/ [索取号:R512.6/30] | 在馆 | |
| 3 | 0147136 | 000714267 | 第二样本阅览室/ [索取号:R512.6/30] | 在馆 |